Agama dalam kehidupan pelajar

Bibliographic Details
Main Author: Abd. Rahman Hj. Hamzah
Other Authors: Hafizah Hj. Nordin, S. Salahudin Hj. Suyurno
Format: Book
Language:Malay
Published: Shah Alam : Penerbit UiTM , 2009
Subjects:

MARC

LEADER 00000cam a2200000 7i4500
001 0000025248
005 20140430.0
008 020414 my # may
020 |a 9789673051885 ,   |c RM19.60 
040 |a INS 
090 0 0 |a LC904   |b A236 2009 
100 1 |a Abd. Rahman Hj. Hamzah 
245 1 0 |a Agama dalam kehidupan pelajar   |c Abd. Rahman Hj. Hamzah, Hafizah Hj. Nordin , S. Salahudin Hj. Suyurno 
260 |a Shah Alam :   |b Penerbit UiTM ,   |c 2009 
300 |a ix,64ms ;   |c 23cm. 
500 |a Bibliografi : ms. 61 
500 |a Mengandungi indeks 
650 0 |a Islamic education 
650 0 |a Islam   |x Customs and practices 
650 0 |a Muslim students   |x Conduct of life 
700 1 |a Hafizah Hj. Nordin 
700 1 |a S. Salahudin Hj. Suyurno 
999 |a 1000001365   |b BOOK   |c Open Shelf   |e Default branch